Actualidad financiera y cambiaria (Registro nro. 23392)
[ vista simple ]
| 000 -LEADER | |
|---|---|
| fixed length control field | 00325 a2200109 4500 |
| 001 - CONTROL NUMBER | |
| control field | ART_8273 |
| 005 - DATE AND TIME OF LATEST TRANSACTION | |
| control field | 20260410161833.0 |
| 008 - FIXED-LENGTH DATA ELEMENTS--GENERAL INFORMATION | |
| fixed length control field | 260409a |
| 100 1# - MAIN ENTRY--PERSONAL NAME | |
| Personal name | Sun, Ramón F. |
| 245 10 - TITLE STATEMENT | |
| Title | Actualidad financiera y cambiaria |
| 773 0# - HOST ITEM ENTRY | |
| Title | Contabilidad y administración |
| Related parts | - Año 2, Nº 22 (abr. 1979) |
| Record control number | REV5485 |
No hay ítems disponibles.